000 004130000a22001450004500
020 _a0-88312-682-6
041 0 _aSPA
082 0 4 _aG 986.1 E471e
245 1 0 _aEstudiemos las culturas indígenas de Colombia / Leah B. Ellis de Walter, Linda Criswell, Editores
260 _aMeta, Colombia : Townsend
300 _a205 Pag
500 _aEL EJEMPLAR 3 SE PERDIÓ (Inventario 14326)
001 11650
942 _cBK
999 _c40861
_d40861